Countries Ending in "IA" - Shape Quiz - Statistics

General Stats
  • This quiz has been taken 420 times
  • The average score is 25 of 38
Answer Stats
Picture Hint Answer % Correct
-DIA India
87%
-LIA Australia
86%
-LIA Somalia
83%
-BIA Namibia
82%
-SIA Indonesia
80%
-BIA The Gambia
80%
-BIA Colombia
75%
-SIA Malaysia
75%
-BIA Saudi Arabia
75%
-BIA Serbia
75%
-TIA Croatia
74%
-SIA Russia
74%
-BIA Zambia
74%
-RIA Austria
72%
-KIA Slovakia
72%
-LIA Mongolia
71%
-RIA Algeria
69%
-GIA Georgia
68%
-NIA Albania
66%
-PIA Ethiopia
65%
-VIA Latvia
64%
-SIA F.S. Micronesia
62%
-NIA Romania
62%
-SIA Tunisia
62%
-NIA Mauritania
61%
-RIA Syria
61%
-RIA Bulgaria
59%
-NIA Estonia
57%
-NIA Lithuania
55%
-RIA Nigeria
53%
-NIA Slovenia
53%
-NIA Tanzania
53%
-NIA Armenia
52%
-VIA Bolivia
52%
-NIA North Macedonia
51%
-RIA Liberia
49%
-DIA Cambodia
47%
-CIA St. Lucia
41%
No matching quizzes found
Score Distribution
Percent of People with Each Score
Percentile by Number Answered
Your Score History
You have not taken this quiz